00618nam a2200145Ia 450000100060000000300070000600800410001304000110005424500840006524501100014965301100025965300790036994200070044899900170045517810GE_BSU181216s||||||||xx |||||||||||||| ||und|| cGE_BSU aPublic papers of the presidents of the United States Dwight D. Eisenhower. 1956 bContaining the Public Message, Speeches, and Statements of the President. January 20 to december 31, 1953 aContaining the Public Message, Speeches, and Statements of the President. January 20 to december 31, 1953 aPublic papers of the presidents of the United States Jimmy Carter 1980-81. cBK c50855d50855